[Event "Hessen-ch U14"]
[Site "Bad Homburg"]
[Date "2005.??.??"]
[Round "8"]
[White "Faehnrich, Florian"]
[Black "Fuehrer, Tobias"]
[Result "1/2-1/2"]
[WhiteElo "1065"]
[BlackElo "1219"]
[PlyCount "46"]
[EventDate "2005.04.??"]
[EventType "swiss"]
[EventRounds "8"]
[EventCountry "GER"]
[SourceTitle "EXT 2007"]
[Source "ChessBase"]
[SourceDate "2006.11.23"]
[SourceVersion "1"]
[SourceVersionDate "2006.11.23"]
[SourceQuality "1"]

1. e4 c5 2. Nf3 Nc6 3. Nc3 d6 4. Bb5 Bd7 5. d3 g6 6. 0-0 Nf6 7. Bg5 Bg7 8. Qd2 0-0 9. Rfe1 a6 10. Bxc6 Bxc6 11. Re2 Qc7 12. Bh6 Rfe8 13. Bxg7 Kxg7 14. Qe3 e5 15. Nd2 b5 16. a3 a5 17. Nd1 Red8 18. f4 exf4 19. Qxf4 Rd7 20. e5 dxe5 21. Qxe5 Qxe5 22. Rxe5 Rd5 23. Rxd5 Nxd5 1/2-1/2

[Event "Hessen-ch U14"]
[Site "Bad Homburg"]
[Date "2005.??.??"]
[Round "5"]
[White "Hummel, Dennis"]
[Black "Faehnrich, Florian"]
[Result "1-0"]
[WhiteElo "1434"]
[BlackElo "1065"]
[PlyCount "21"]
[EventDate "2005.04.??"]
[EventType "swiss"]
[EventRounds "8"]
[EventCountry "GER"]
[SourceTitle "EXT 2007"]
[Source "ChessBase"]
[SourceDate "2006.11.23"]
[SourceVersion "1"]
[SourceVersionDate "2006.11.23"]
[SourceQuality "1"]

1. e4 e6 2. d4 d5 3. exd5 exd5 4. Bd3 Nf6 5. Bf4 Be7 6. Nf3 Bg4 7. h3 Bh5 8. Nbd2 Nc6 9. c3 Qd7 10. Qc2 0-0-0 11. Bf5 1-0

[Event "Hessen-ch U14"]
[Site "Bad Homburg"]
[Date "2005.??.??"]
[Round "7"]
[White "Schaeuffelen, Moritz"]
[Black "Faehnrich, Florian"]
[Result "0-1"]
[WhiteElo "1109"]
[BlackElo "1065"]
[PlyCount "52"]
[EventDate "2005.04.??"]
[EventType "swiss"]
[EventRounds "8"]
[EventCountry "GER"]
[SourceTitle "EXT 2007"]
[Source "ChessBase"]
[SourceDate "2006.11.23"]
[SourceVersion "1"]
[SourceVersionDate "2006.11.23"]
[SourceQuality "1"]

1. e4 e6 2. Nf3 d5 3. Bd3 Nf6 4. e5 Nfd7 5. Be2 c5 6. Bb5 Qc7 7. c3 a6 8. Bxd7+ Bxd7 9. d4 Nc6 10. 0-0 Be7 11. Re1 0-0 12. Be3 c4 13. Bf4 b5 14. h3 a5 15. Na3 Qb6 16. Rb1 b4 17. Nc2 f5 18. Ne3 Rab8 19. Qc2 b3 20. axb3 Qxb3 21. Qxb3 Rxb3 22. Nd2 Rb5 23. Nc2 a4 24. Na3 Rb7 25. Nf3 Rfb8 26. Bc1 Bxa3 0-1